Reunión de consulta. III cultura

Zapisane w:
Opis bibliograficzny
Korporacja: UNESCO
Format: Texto
Wydane: Paris: UNESCO
Etykiety: Dodaj etykietę
Nie ma etykietki, Dołącz pierwszą etykiete!

MARC

LEADER 00000 a a2200000 04500
001 25142
003
040
090 |a 182200  
110 |a UNESCO  
245 |a Reunión de consulta. III cultura  
260 |a Paris:   |b UNESCO  
300 |a 166 p.  
999 |c 5859  |d 5859